Statistics for Closest Capital Cities at different Sides of the Prime Meridian

Click here to take the quiz!

General Stats

  • This quiz has been taken 44 times
  • The average score is 32 of 40

Answer Stats

Capital City% Correct
Paris
100%
London
100%
Amsterdam
95%
Madrid
95%
Brussels
95%
Dublin
92%
Luxembourg
92%
Bern
89%
Algiers
84%
Andorra la Vella
84%
Accra
76%
Porto-Novo
76%
Lome
76%
Niamey
73%
Ouagadougou
70%
Yamoussoukro
68%
Vaduz
65%
Suva
11%
Nuku'alofa
8%

Score Distribution

Percentile by Number Answered

Percent of People with Each Score

Your Score History

You have not taken this quiz